| 000 | 00871nam a22002417a 4500 | ||
|---|---|---|---|
| 005 | 20140606170159.0 | ||
| 010 | _aENG-106972 | ||
| 020 |
_a9780198089223 _c1025.00 |
||
| 020 |
_a0198089228 _c1025.00 |
||
| 035 | _aEN-90505 | ||
| 035 | _aB-528937 | ||
| 037 | _bDBAD/PUB | ||
| 037 |
_bMallika Books _adpl |
||
| 082 | _a250.64 | ||
| 100 | 1 | _aChatterjee, Indrani | |
| 245 | 1 | 0 |
_aForgotten Friends : _cby Indrani Chatterjee _bmonks, marriages, and memories of Northeast India / |
| 260 |
_aNew Delhi _bOxford University Press _c2013 |
||
| 270 |
_aYMCA Library Building, 1 Jai Singh Road _bNew Delhi _e110001 |
||
| 300 |
_axiv,451p. _c22cm(Hb) |
||
| 500 | _aIncludes bibliographical references and index | ||
| 942 |
_2ddc _cEN _mCHA _h250.64 |
||
| 999 |
_c75097 _d75097 |
||